[Event "Oberliga Ost-B 0910"]
[Site "Germany"]
[Date "2010.03.21"]
[Round "9.8"]
[White "Wallrabenstein, Udo"]
[Black "Donchenko, Alexander"]
[Result "1/2-1/2"]
[WhiteElo "2061"]
[BlackElo "2009"]
[PlyCount "53"]
[EventDate "2009.10.18"]
[EventType "team-tourn"]
[EventRounds "11"]
[EventCountry "GER"]
[SourceTitle "EXT 2011"]
[Source "ChessBase"]
[SourceDate "2010.11.26"]
[SourceVersion "1"]
[SourceVersionDate "2010.11.26"]
[SourceQuality "1"]
[WhiteTeam "Hungen Lich"]
[BlackTeam "Giessen"]
[WhiteTeamCountry "GER"]
[BlackTeamCountry "GER"]

1. g3 Nf6 2. Bg2 c5 3. c4 Nc6 4. Nc3 g6 5. a3 Bg7 6. Rb1 a5 7. d3 0-0 8. Bd2 d6 9. Nf3 Ne8 10. 0-0 Nc7 11. Ne1 Bd7 12. Nc2 Rb8 13. b4 axb4 14. axb4 cxb4 15. Nxb4 Nxb4 16. Rxb4 b5 17. cxb5 Nxb5 18. Nxb5 Rxb5 19. Rxb5 Bxb5 20. Qb3 Qd7 21. Rb1 Bc6 22. Bxc6 Qxc6 23. Rc1 Qd7 24. Rc2 Rc8 25. Bg5 Rxc2 26. Qxc2 h6 27. Be3 1/2-1/2

[Event "Oberliga Ost-B 0910"]
[Site "Germany"]
[Date "2010.02.28"]
[Round "8.8"]
[White "Friedt, Edmund"]
[Black "Wallrabenstein, Udo"]
[Result "1/2-1/2"]
[WhiteElo "1928"]
[BlackElo "2061"]
[PlyCount "57"]
[EventDate "2009.10.18"]
[EventType "team-tourn"]
[EventRounds "11"]
[EventCountry "GER"]
[SourceTitle "EXT 2011"]
[Source "ChessBase"]
[SourceDate "2010.11.26"]
[SourceVersion "1"]
[SourceVersionDate "2010.11.26"]
[SourceQuality "1"]
[WhiteTeam "Erfurt SK II"]
[BlackTeam "Hungen Lich"]
[WhiteTeamCountry "GER"]
[BlackTeamCountry "GER"]

1. e4 c6 2. d4 d5 3. exd5 cxd5 4. Bd3 Nc6 5. c3 Nf6 6. Bf4 Bg4 7. Nf3 Qb6 8. Qb3 Qxb3 9. axb3 Bxf3 10. gxf3 a6 11. b4 Rc8 12. b5 axb5 13. Bxb5 Nd7 14. 0-0 e6 15. Nd2 Be7 16. Nb3 Bd8 17. Bd6 Be7 18. Bxe7 Kxe7 19. Na5 Nxa5 20. Rxa5 Ra8 21. Rfa1 Nb6 22. Ra7 Kd6 23. Kf1 Rhb8 24. Ke2 Rxa7 25. Rxa7 Nc8 26. Ra1 Nb6 27. Ra7 Nc8 28. Ra1 Nb6 29. Ra7 1/2-1/2

[Event "Oberliga Ost-B 0708"]
[Site "Germany"]
[Date "2008.04.20"]
[Round "11.8"]
[White "Wallrabenstein, Udo"]
[Black "Bagatsch, Thomas"]
[Result "1/2-1/2"]
[WhiteElo "2089"]
[BlackElo "2121"]
[PlyCount "24"]
[EventDate "2007.10.07"]
[EventType "team-tourn"]
[EventRounds "11"]
[EventCountry "GER"]
[SourceTitle "EXT 2009"]
[Source "ChessBase"]
[SourceDate "2008.11.26"]
[SourceVersion "1"]
[SourceVersionDate "2008.11.26"]
[SourceQuality "1"]
[WhiteTeam "Hungen Lich"]
[BlackTeam "Frankfurt BvK"]
[WhiteTeamCountry "GER"]
[BlackTeamCountry "GER"]

1. c4 Nf6 2. g3 e5 3. Bg2 Bc5 4. Nc3 0-0 5. d3 Re8 6. Nf3 c6 7. 0-0 d5 8. cxd5 cxd5 9. Bg5 d4 10. Ne4 Be7 11. Bxf6 Bxf6 12. Rc1 Nc6 1/2-1/2

[Event "Oberliga Ost-B 0708"]
[Site "Germany"]
[Date "2008.04.06"]
[Round "9.8"]
[White "Wallrabenstein, Udo"]
[Black "Dubois de Luchet, Erich"]
[Result "1/2-1/2"]
[WhiteElo "2089"]
[BlackElo "1976"]
[PlyCount "82"]
[EventDate "2007.10.07"]
[EventType "team-tourn"]
[EventRounds "11"]
[EventCountry "GER"]
[SourceTitle "EXT 2009"]
[Source "ChessBase"]
[SourceDate "2008.11.26"]
[SourceVersion "1"]
[SourceVersionDate "2008.11.26"]
[SourceQuality "1"]
[WhiteTeam "Hungen Lich"]
[BlackTeam "Moerlenbach"]
[WhiteTeamCountry "GER"]
[BlackTeamCountry "GER"]

1. c4 e5 2. g3 Nf6 3. Bg2 Be7 4. Nc3 0-0 5. Nf3 d6 6. 0-0 c5 7. Ne1 Nc6 8. Nc2 Be6 9. Ne3 Qd7 10. Ncd5 Bh3 11. d3 Bxg2 12. Kxg2 Nxd5 13. Nxd5 f5 14. e4 Nd4 15. Be3 fxe4 16. Bxd4 exd4 17. dxe4 Rae8 18. Qd3 Bf6 19. f4 Re6 20. Rae1 Bd8 21. a3 Rfe8 22. Re2 Bf6 23. Rfe1 b6 24. b4 Rb8 25. b5 Rbe8 26. Qf3 Bd8 27. Qg4 Qf7 28. f5 Re5 29. Qf4 Qh5 30. h4 g5 31. fxg6 Qxg6 32. Kh2 Rf8 33. Qc1 Rf3 34. Rg2 Rxe4 35. Rxe4 Qxe4 36. a4 Qf5 37. Qh6 Rf2 38. Qxd6 Rxg2+ 39. Kxg2 Qc2+ 40. Kg1 Qd1+ 41. Kf2 Qc2+ 1/2-1/2

[Event "Oberliga Ost-B 0506"]
[Site "Germany"]
[Date "2006.04.01"]
[Round "10.7"]
[White "Wallrabenstein, Udo"]
[Black "Boehmer, Christian"]
[Result "1-0"]
[WhiteElo "2133"]
[BlackElo "2080"]
[PlyCount "89"]
[EventDate "2005.11.13"]
[EventType "team-tourn"]
[EventRounds "11"]
[EventCountry "GER"]
[SourceTitle "EXT 2007"]
[Source "ChessBase"]
[SourceDate "2006.11.23"]
[SourceVersion "1"]
[SourceVersionDate "2006.11.23"]
[SourceQuality "1"]
[WhiteTeam "Hungen Lich"]
[BlackTeam "Moerlenbach"]
[WhiteTeamCountry "GER"]
[BlackTeamCountry "GER"]

1. c4 f5 2. Nc3 Nf6 3. g3 g6 4. Bg2 Bg7 5. Nf3 d6 6. d4 0-0 7. 0-0 Qe8 8. Re1 Qf7 9. d5 Ne4 10. Nb5 e5 11. dxe6 Bxe6 12. Ng5 Nxg5 13. Bxg5 Nc6 14. Bd5 Rae8 15. Qd2 a6 16. Bxe6 Rxe6 17. Nc3 Ne5 18. b3 Rfe8 19. Rad1 h6 20. Be3 g5 21. Bd4 Ng4 22. h3 Bxd4 23. Qxd4 Ne5 24. Kg2 f4 25. gxf4 gxf4 26. Rg1 Kh7 27. f3 Ng6 28. Kh2 Nh4 29. Qd3+ Kh8 30. Rg4 Ng6 31. Qd4+ Kh7 32. Rdg1 Qf5 33. R1g2 R8e7 34. Nd5 Rf7 35. Nxf4 Qxf4+ 36. Rxf4 Nxf4 37. Rf2 Rg6 38. e3 Ne6 39. Qd3 Ng5 40. f4 Kg7 41. f5 Rgf6 42. h4 Nh7 43. Rg2+ Kh8 44. e4 Nf8 45. Qg3 1-0

[Event "Oberliga Ost-B 0506"]
[Site "Germany"]
[Date "2005.11.13"]
[Round "1"]
[White "Wallrabenstein, Udo"]
[Black "Krahe, Frank"]
[Result "1/2-1/2"]
[WhiteElo "2150"]
[BlackElo "2236"]
[PlyCount "40"]
[EventDate "2005.11.13"]
[EventType "team-tourn"]
[EventRounds "11"]
[EventCountry "GER"]
[SourceTitle "CBM 109 Extra"]
[Source "ChessBase"]
[SourceDate "2006.01.03"]
[SourceVersion "2"]
[SourceVersionDate "2006.01.03"]
[SourceQuality "1"]

1. c4 e6 2. Nc3 d5 3. d4 c5 4. Nf3 Nc6 5. cxd5 exd5 6. g3 Nf6 7. Bg2 Be7 8. 0-0 0-0 9. Bg5 c4 10. Ne5 Be6 11. Nxc6 bxc6 12. b3 Qa5 13. Qc2 Rfd8 14. bxc4 dxc4 15. Bxf6 Bxf6 16. e3 Rac8 17. Rac1 h6 18. Rfd1 Qh5 19. Qa4 a5 20. Qa3 Rd7 1/2-1/2

[Event "Karl Mala Memorial op 09th"]
[Site "Frankfurt"]
[Date "2005.07.31"]
[Round "6"]
[White "Poetsch, Hagen"]
[Black "Wallrabenstein, Udo"]
[Result "0-1"]
[WhiteElo "1939"]
[BlackElo "2133"]
[PlyCount "126"]
[EventDate "2005.07.28"]
[EventType "swiss"]
[EventRounds "7"]
[EventCountry "GER"]
[SourceTitle "EXT 2006"]
[Source "ChessBase"]
[SourceDate "2005.11.24"]
[SourceVersion "1"]
[SourceVersionDate "2005.11.24"]
[SourceQuality "1"]

1. e4 c6 2. Nc3 d5 3. Nf3 dxe4 4. Nxe4 Nd7 5. Bc4 e6 6. 0-0 Ngf6 7. Ng3 Bd6 8. d4 0-0 9. Re1 Qc7 10. Qe2 c5 11. b3 a6 12. Bb2 b5 13. Bd3 Bb7 14. dxc5 Qxc5 15. Rad1 Rad8 16. Nd2 Qc7 17. c4 bxc4 18. Nxc4 Bb4 19. Rf1 Qc6 20. f3 Rfe8 21. Ne4 Nxe4 22. Bxe4 Qc7 23. Kh1 Bxe4 24. fxe4 Nb6 25. Qg4 Bf8 26. Be5 Qc5 27. Qf4 f6 28. Nxb6 Rxd1 29. Rxd1 fxe5 30. Qg5 Qxb6 31. Qxe5 Qc5 32. Qf4 Rc8 33. Rf1 Qc7 34. Qg4 Qe5 35. Qe2 Bd6 36. g3 Rf8 37. Rxf8+ Bxf8 38. Kg2 a5 39. Qc4 Bc5 40. Qa4 Bf8 41. Qc4 Be7 42. Kf3 Kf7 43. Ke3 Qc5+ 44. Kd3 Qxc4+ 45. Kxc4 Kf6 46. Kd4 h5 47. Ke3 Ke5 48. h3 Bc5+ 49. Kd3 Bf2 50. g4 h4 51. a3 Bc5 52. a4 Kf4 53. Kc4 Bb4 54. Kd4 e5+ 55. Kd5 g5 56. Ke6 Kxe4 57. Kf6 Kf4 58. Kg6 e4 59. Kh5 e3 60. Kh6 e2 61. Kh5 e1Q 62. Kh6 Bf8+ 63. Kh5 Qe8# 0-1

[Event "Bahn-chM"]
[Site "Winterberg"]
[Date "2004.09.26"]
[Round "1"]
[White "Wallrabenstein, Udo"]
[Black "Matrisch, Gerd"]
[Result "1/2-1/2"]
[WhiteElo "2003"]
[BlackElo "1753"]
[PlyCount "155"]
[EventDate "2004.09.26"]
[EventType "swiss"]
[EventRounds "7"]
[EventCountry "GER"]
[SourceTitle "EXT 2013"]
[Source "ChessBase"]
[SourceDate "2012.11.22"]
[SourceVersion "1"]
[SourceVersionDate "2012.11.22"]
[SourceQuality "1"]

1. c4 e5 2. Nc3 Nf6 3. g3 Bc5 4. Bg2 0-0 5. e3 c6 6. Nge2 d5 7. cxd5 cxd5 8. d4 exd4 9. exd4 Bb6 10. 0-0 Nc6 11. Bg5 Be6 12. Qd2 h6 13. Bxf6 Qxf6 14. Rad1 Rad8 15. Qf4 Qe7 16. Rfe1 Rfe8 17. Rd3 Bc7 18. Qd2 Qd7 19. Re3 Ne7 20. Nc1 Nf5 21. R3e2 Bb6 22. Nb3 f6 23. Nxd5 Bf7 24. Rxe8+ Rxe8 25. Rxe8+ Qxe8 26. Nxb6 axb6 27. d5 Qd7 28. Nc1 Ne7 29. Ne2 Bxd5 30. Nc3 Bc6 31. Qxd7 Bxd7 32. Bxb7 Kf7 33. f4 Ke6 34. Kf2 Kd6 35. Ke3 Kc5 36. Be4 b5 37. Ne2 Nc8 38. Nd4 Nd6 39. Bd3 b4 40. Nb3+ Kd5 41. a3 Ba4 42. Nd4 bxa3 43. bxa3 Bd7 44. f5 Ke5 45. Nf3+ Kd5 46. Nd4 Ke5 47. g4 Kd5 48. h3 Ke5 49. Ne6 Ne8 50. Bc4 h5 51. Nc5 Bc6 52. Nd3+ Kd6 53. gxh5 Nc7 54. h4 Be8 55. Nf4 Ke5 56. Ne6 Nxe6 57. h6 gxh6 58. fxe6 f5 59. Bb3 f4+ 60. Kf3 Bc6+ 61. Kf2 Kd6 62. a4 Bxa4 63. Bxa4 Kxe6 64. Kf3 h5 65. Kxf4 Kf6 66. Be8 Kg7 67. Kg5 Kh7 68. Kxh5 Kg7 69. Bg6 Kh8 70. Kh6 Kg8 71. h5 Kh8 72. Kg5 Kg7 73. Kf5 Kh6 74. Ke6 Kg7 75. Ke7 Kh8 76. Ke8 Kg7 77. Ke7 Kh8 78. h6 1/2-1/2

[Event "Oberliga Ost-B 0102"]
[Site "Germany"]
[Date "2001.10.07"]
[Round "1.8"]
[White "Meyer, Ingo"]
[Black "Wallrabenstein, Udo"]
[Result "1-0"]
[WhiteElo "2233"]
[BlackElo "2142"]
[PlyCount "59"]
[EventDate "2001.10.07"]
[EventType "team-tourn"]
[EventRounds "11"]
[EventCountry "GER"]
[SourceTitle "EXT 2003"]
[Source "ChessBase"]
[SourceDate "2002.11.25"]
[SourceVersion "1"]
[SourceVersionDate "2002.11.25"]
[SourceQuality "1"]
[WhiteTeam "Schoeneck"]
[BlackTeam "Moerlenbach"]
[WhiteTeamCountry "GER"]
[BlackTeamCountry "GER"]

1. d4 g6 2. Nc3 d5 3. Bg5 Bg7 4. Qd2 Nf6 5. f3 Nc6 6. 0-0-0 h6 7. Bf4 Nh5 8. Be3 Na5 9. Bf2 Nc4 10. Qe1 c6 11. g4 Nf4 12. e3 Ne6 13. Bxc4 dxc4 14. Nge2 Nc7 15. Rg1 b5 16. Ne4 a5 17. Nc5 b4 18. e4 Rb8 19. Bg3 Rb5 20. h4 Na6 21. Nxa6 Bxa6 22. h5 a4 23. hxg6 fxg6 24. Nf4 b3 25. axb3 Bxd4 26. Ne6 Bxb2+ 27. Kxb2 Qb6 28. Qc3 Kf7 29. Qg7+ Kxe6 30. Qxg6# 1-0

[Event "Oberliga Ost-B 0001"]
[Site "Germany"]
[Date "2001.02.17"]
[Round "6.8"]
[White "Wallrabenstein, Udo"]
[Black "Bergmann, Andy"]
[Result "0-1"]
[WhiteElo "2141"]
[BlackElo "2158"]
[PlyCount "80"]
[EventDate "2000.10.15"]
[EventType "team-tourn"]
[EventRounds "11"]
[EventCountry "GER"]
[SourceTitle "EXT 2002"]
[Source "ChessBase"]
[SourceDate "2001.11.25"]
[SourceVersion "1"]
[SourceVersionDate "2001.11.25"]
[SourceQuality "1"]
[WhiteTeam "Moerlenbach"]
[BlackTeam "Leipzig Gohlis II"]
[WhiteTeamCountry "GER"]
[BlackTeamCountry "GER"]

1. c4 g6 2. Nc3 Bg7 3. g3 c5 4. Bg2 Nc6 5. Nf3 Nf6 6. 0-0 0-0 7. d4 cxd4 8. Nxd4 a6 9. Nc2 d6 10. e4 Be6 11. Ne3 Rc8 12. Ncd5 Na5 13. Qe2 Nxd5 14. exd5 Bd7 15. Rb1 b5 16. b3 Qc7 17. Bd2 bxc4 18. Bxa5 Qxa5 19. Nxc4 Qd8 20. Rfe1 Re8 21. Qe3 Bb5 22. Bf1 Rc5 23. Rbd1 Qb8 24. Qe4 Bd7 25. h4 a5 26. Qf4 h5 27. Bd3 Qb4 28. Bb1 a4 29. Re4 Qb8 30. Rde1 Qd8 31. Ne3 axb3 32. axb3 e5 33. dxe6 Rxe6 34. Nc4 Rxe4 35. Qxe4 d5 36. Qe3 Rc6 37. Nd2 Re6 38. Ne4 dxe4 39. Bxe4 Bc6 40. f3 Bxe4 0-1